<?xml version="1.0" encoding="UTF-8"?>
<record
    xmlns:xsi="http://www.w3.org/2001/XMLSchema-instance"
    xsi:schemaLocation="http://www.loc.gov/MARC21/slim http://www.loc.gov/standards/marcxml/schema/MARC21slim.xsd"
    xmlns="http://www.loc.gov/MARC21/slim">

  <leader>02073agaaa2200325   4500</leader>
  <controlfield tag="001">8491</controlfield>
  <controlfield tag="003">IT-RoPAU</controlfield>
  <controlfield tag="005">20220918181253.0</controlfield>
  <controlfield tag="007">d cvaizq</controlfield>
  <controlfield tag="008">50131s9999||||xx ||| |     ||   ||und||</controlfield>
  <datafield tag="040" ind1=" " ind2=" ">
    <subfield code="a">IT-RoPAU</subfield>
    <subfield code="c">IT-RoPAU</subfield>
  </datafield>
  <datafield tag="041" ind1=" " ind2=" ">
    <subfield code="a">ITALIANO</subfield>
  </datafield>
  <datafield tag="100" ind1=" " ind2=" ">
    <subfield code="a">Calderone Gianluigi</subfield>
    <subfield code="g">Codice regista SPICS: 59393</subfield>
    <subfield code="9">50011</subfield>
  </datafield>
  <datafield tag="130" ind1=" " ind2=" ">
    <subfield code="a">DON ZENO. L'UOMO DI NOMADELFIA</subfield>
    <subfield code="9">50012</subfield>
  </datafield>
  <datafield tag="245" ind1=" " ind2=" ">
    <subfield code="a">DON ZENO. L'UOMO DI NOMADELFIA</subfield>
    <subfield code="c">Prodotto da: Rossini M. Cope C. -- Sceneggiatura: Badalucco Nicola Badalucco Giuseppe De Angelis Franca -- Diretto da: Calderone Gianluigi</subfield>
    <subfield code="p">DON ZENO. L'UOMO DI NOMADELFIA (Rif. Codice opera principale : H8491)</subfield>
  </datafield>
  <datafield tag="250" ind1=" " ind2=" ">
    <subfield code="a">Edizione Standard</subfield>
  </datafield>
  <datafield tag="260" ind1=" " ind2=" ">
    <subfield code="a">(ITALIA)</subfield>
    <subfield code="b">RAI FICTION - RED FILM / Distribuzione: MULTIMEDIA SAN PAOLO</subfield>
    <subfield code="g">"2008 (1&#xB0; ed.: 2008 ; Ed. Lingua Orig.: 2008)"</subfield>
  </datafield>
  <datafield tag="300" ind1=" " ind2=" ">
    <subfield code="a">DVD</subfield>
    <subfield code="b">sonoro, col.</subfield>
    <subfield code="c">200 minuti</subfield>
  </datafield>
  <datafield tag="508" ind1=" " ind2=" ">
    <subfield code="a">"Fotografia: Bastelli Cesare; Montaggio: Romano Valentina; Musica: Vivaldi Paolo; Sceneggiatura: Badalucco Nicola Badalucco Giuseppe De Angelis Franca; Scenografia: Bogdanova Ferrara E.; Soggetto: Badalucco Nicola -- Badalucco Giuseppe"</subfield>
  </datafield>
  <datafield tag="511" ind1=" " ind2=" ">
    <subfield code="a">"Scarpati Giulio; Briganti Isabella; Tenerani Nicolas; Cenci Stefano; Bern Federica"</subfield>
  </datafield>
  <datafield tag="520" ind1=" " ind2=" ">
    <subfield code="a">QUESTA STRAORDINARIA FICTION TELEVISIVA (TRASMESSA DA RAI UNO) RACCONTA L'AVVENTURA UMANA DI UN PRETE CHE PER SALVARE I BAMBINI ABBANDONATI NELLA MISERIA E NELLA DISPERAZIONE E FARLI DIVENTARE PERSONE LIBERE E ONESTE, DOVETTE FARE I CONTI CON DUE GUERRE, CON IL FASCISMO, CON IL NAZISMO, CON LA DEMOCRAZIA. E CON SE STESSO... CONTENUTI EXTRA: BACKSTAGE.</subfield>
  </datafield>
  <datafield tag="538" ind1=" " ind2=" ">
    <subfield code="a">PAL, STEREO</subfield>
  </datafield>
  <datafield tag="546" ind1=" " ind2=" ">
    <subfield code="a">ITALIANO</subfield>
  </datafield>
  <datafield tag="650" ind1=" " ind2=" ">
    <subfield code="a">DRAMMA - BIOGRAFI</subfield>
    <subfield code="e">DVD-FILM [DVD]</subfield>
    <subfield code="x">Codice MATERIA SPICS: 9947</subfield>
    <subfield code="9">50013</subfield>
  </datafield>
  <datafield tag="700" ind1=" " ind2=" ">
    <subfield code="a">Badalucco Giuseppe </subfield>
    <subfield code="e">(soggetto)</subfield>
    <subfield code="g">Codice Soggetto 2&#xB0; SPICS: 59394</subfield>
    <subfield code="9">50014</subfield>
  </datafield>
  <datafield tag="700" ind1=" " ind2=" ">
    <subfield code="a">Badalucco Nicola </subfield>
    <subfield code="e">(soggetto)</subfield>
    <subfield code="g">Codice Soggetto SPICS: 9682</subfield>
    <subfield code="9">50015</subfield>
  </datafield>
  <datafield tag="700" ind1=" " ind2=" ">
    <subfield code="a">Calderone Gianluigi </subfield>
    <subfield code="e">(regista)</subfield>
    <subfield code="g">Codice regista SPICS: 59393</subfield>
    <subfield code="9">50016</subfield>
  </datafield>
  <datafield tag="700" ind1=" " ind2=" ">
    <subfield code="a">Vivaldi Paolo</subfield>
    <subfield code="e">(musica)</subfield>
    <subfield code="g">Codice Musica SPICS: 59395</subfield>
    <subfield code="9">50017</subfield>
  </datafield>
  <datafield tag="942" ind1=" " ind2=" ">
    <subfield code="c">DV</subfield>
    <subfield code="2">ddc</subfield>
  </datafield>
  <datafield tag="999" ind1=" " ind2=" ">
    <subfield code="c">107024</subfield>
    <subfield code="d">107024</subfield>
  </datafield>
  <datafield tag="952" ind1=" " ind2=" ">
    <subfield code="0">0</subfield>
    <subfield code="1">0</subfield>
    <subfield code="4">0</subfield>
    <subfield code="6">H_8491_000000000000000</subfield>
    <subfield code="7">1</subfield>
    <subfield code="a">SPICS</subfield>
    <subfield code="b">SPICS</subfield>
    <subfield code="d">2015-01-31</subfield>
    <subfield code="l">0</subfield>
    <subfield code="o">H8491</subfield>
    <subfield code="r">2015-01-31 00:00:00</subfield>
    <subfield code="w">2015-01-31</subfield>
    <subfield code="y">DV</subfield>
    <subfield code="z">Progr. Ins.: 3756 / N.Vol.:1 / Copie: 1 / Pag.:0 / Copia rara: n.d. / date import: 1.2.2015 / By Epidotti, Trombetti, Vaglietti</subfield>
  </datafield>
</record>
